000 00624nas a2200181 4500
001 000037519
005 20200930080417.0
008 120420c20039999dr zr1p dd 0 0spa d
040 _aDO-SdBNP
_bspa
_cBNPHU
043 _anwdr
245 0 3 _aLa Niñez es noticia.
260 _aSanto Domingo :
_bOficina de Comunicación UNICEF.
300 _av.- :
_bil. ;
_c29 cm.
310 _aCuatrimestral
362 1 _aAño 1. no. 2 (jul/oct. 2003)
500 _aCatalogación basada en : Año 1. no. 2 (jul/oct. 2003)
650 4 _aNiños
_xCuidado e higiene derechos del niño
_vPUBLICACIONES PERIÓDICAS
_zRepública Dominicana
_963975
999 _c37009
_d37009